书目信息 |
| 题名: |
古今战争故事奇观
|
|
| 作者: | 严振新 , 肖永生 , 严振新 肖永生主编 王小华 黄丽青 陆爱明 林航飞 李宏端 陈铝 石丽琴 郑学元 郑忠雄 陈建辉等编 主编 | |
| 分册: | 四 | |
| 出版信息: | 福州 福建少年儿童出版社 2011.01 |
|
| 页数: | 186页 | |
| 开本: | 23cm | |
| 丛书名: | ||
| 单 册: | ||
| 中图分类: | I14 | |
| 科图分类: | ||
| 主题词: | 故事--作品集--世界--世界 | |
| 电子资源: | ||
| ISBN: | 978-7-5395-1501-4 | |
| 000 | 00929nam 2200241 450 | |
| 001 | CALB01201101184036m | |
| 005 | 20111226102144.85 | |
| 010 | @a978-7-5395-1501-4@dCNY28.75 | |
| 100 | @a20110315d2011 em y0chiy0121 ea | |
| 101 | 0 | @achi |
| 102 | @aCN@b350000 | |
| 105 | @ay z 000yy | |
| 200 | 1 | @a古今战争故事奇观@h四@f严振新, 肖永生主编@Fyan zhen xin,xiao yong sheng zhu bian |
| 210 | @a福州@c福建少年儿童出版社@d2011.01 | |
| 215 | @a186页@c图@d23cm | |
| 330 | @a本书主要作品有:保卫察里津,第一次世界大战结束,爱尔兰战争,克里姆起义,德国吞并奥地利,第二次世界大战初期战事,德英不列颠空战等。 | |
| 606 | 0 | @a故事@x作品集@x世界@y世界 |
| 690 | @aI14@v4 | |
| 701 | 0 | @a严振新@Ayan zhen xin@4主编 |
| 701 | 0 | @a肖永生@Axiao yong sheng@4主编 |
| 701 | 0 | @a严振新 肖永生主编 王小华 黄丽青 陆爱明 林航飞 李宏端 陈铝 石丽琴 郑学元 郑忠雄 陈建辉等编 |
| 801 | 0 | @aCN@bZZRC@c20111226 |
| 905 | @aZUCC@dI14@eY070:4@f3 | |
| 古今战争故事奇观.四/严振新, 肖永生主编.-福州:福建少年儿童出版社,2011.01 |
| 186页:图;23cm |
| ISBN 978-7-5395-1501-4:CNY28.75 |
| 本书主要作品有:保卫察里津,第一次世界大战结束,爱尔兰战争,克里姆起义,德国吞并奥地利,第二次世界大战初期战事,德英不列颠空战等。 |
| ● |
| 相关链接 |
|
|
|
正题名:古今战争故事奇观
索取号:I14/Y070:4
 
预约/预借
| 序号 | 登录号 | 条形码 | 馆藏地/架位号 | 状态 | 备注 |
| 1 | 1069000 | 210690000 | 文学库108/108文学库 4排2列3层/ [索取号:I14/Y070:4] | 在馆 | |
| 2 | 1069001 | 210690019 | 文学库108/108文学库 4排2列3层/ [索取号:I14/Y070:4] | 在馆 | |
| 3 | 1069002 | 210690028 | 文学库108/108文学库 4排2列3层/ [索取号:I14/Y070:4] |
已借出,限还日期为2026.02.10 借出人:单士仑 |